| 000 | 00449 a2200157 4500 | ||
|---|---|---|---|
| 005 | 20250611112728.0 | ||
| 020 | _a0-534-04209-0 | ||
| 082 | _a512.13WEB | ||
| 100 | _aWebber P. Robert | ||
| 245 | _aCollegeAlgebra And Trigonometry | ||
| 250 | _a2nd, Ed | ||
| 260 |
_a New york _bCole Publishing Company _c1985 |
||
| 300 |
_axiii,607p ill table diagram _bAppendix, Index _c25cm |
||
| 700 | _aBarth Craing, Morse Amy, Galligan Eileen | ||
| 942 |
_2ddc _cBKS |
||
| 999 |
_c3734 _d3734 |
||